[Event "FRA-chT U20 0405"]
[Site "France"]
[Date "2004.11.21"]
[Round "3.6"]
[White "Treand, Victor"]
[Black "Viville, Maximilien"]
[Result "0-1"]
[WhiteElo "1320"]
[BlackElo "1400"]
[PlyCount "132"]
[EventDate "2004.11.20"]
[EventType "team"]
[EventRounds "11"]
[EventCountry "FRA"]
[SourceTitle "CBM 103 Extra"]
[Source "ChessBase"]
[SourceDate "2005.01.01"]
[SourceVersion "1"]
[SourceVersionDate "2005.01.01"]
[SourceQuality "1"]

1. e4 e5 2. Nc3 Nf6 3. f4 d6 4. Nf3 Nc6 5. Bc4 Bg4 6. 0-0 Nd4 7. Be2 Nxe2+ 8. Qxe2 Qd7 9. d3 0-0-0 10. Qf2 Kb8 11. fxe5 Bxf3 12. Qxf3 dxe5 13. Bg5 Be7 14. Bxf6 Bxf6 15. Nd5 Rhg8 16. Qf5 Qxf5 17. Rxf5 Rd6 18. Raf1 Rf8 19. Nxf6 gxf6 20. Rxf6 Rd7 21. R1f5 Re7 22. Kf2 b5 23. Ke2 Kb7 24. Kd2 Rg8 25. g3 Rg7 26. Kc3 c6 27. Kb4 Kb6 28. c4 a5+ 29. Kb3 Kc5 30. cxb5 cxb5 31. a3 b4 32. axb4+ axb4 33. Kc2 Kd4 34. Kd2 b3 35. Ke2 Rc7 36. Rd6+ Kc5 37. Rd5+ Kb6 38. Rf2 f6 39. Rd6+ Kb5 40. Rdxf6 Rc2+ 41. Kd1 Rgc7 42. R6f5 Rc1+ 43. Ke2 R7c2+ 44. Ke3 Re1+ 45. Kf3 Rb1 46. Rf8 Rbxb2 47. Rxc2 Rxc2 48. Ke3 b2 49. h4 Ka4 50. Ra8+ Kb3 51. Rb8+ Ka2 52. Ra8+ Kb1 53. d4 exd4+ 54. Kxd4 Kc1 55. Rb8 Rd2+ 56. Ke3 Rc2 57. Kf4 Rc4 58. Kf5 Kc2 59. e5 Kc3 60. Kf6 Rb4 61. Rc8+ Kb3 62. e6 b1Q 63. e7 Qg6+ 64. Ke5 Rb5+ 65. Kf4 Qf5+ 66. Ke3 Qxc8 0-1

[Event "FRA-chT U20 0405"]
[Site "France"]
[Date "2004.11.20"]
[Round "1.6"]
[White "Viville, Maximilien"]
[Black "Iss, Gabriel"]
[Result "1-0"]
[WhiteElo "1400"]
[BlackElo "1220"]
[PlyCount "111"]
[EventDate "2004.11.20"]
[EventType "team"]
[EventRounds "11"]
[EventCountry "FRA"]
[SourceTitle "CBM 103 Extra"]
[Source "ChessBase"]
[SourceDate "2005.01.01"]
[SourceVersion "1"]
[SourceVersionDate "2005.01.01"]
[SourceQuality "1"]

1. e4 e5 2. Nf3 Nc6 3. Bc4 Bc5 4. c3 Nf6 5. d3 0-0 6. Bg5 d6 7. 0-0 Bg4 8. Nbd2 h6 9. Bh4 Qe7 10. h3 Be6 11. Bd5 g5 12. Bxe6 Qxe6 13. Bxg5 hxg5 14. Nxg5 Qe7 15. Qf3 Rfc8 16. Qf5 Kf8 17. Ndf3 Ke8 18. h4 Nd8 19. Rfe1 Ne6 20. Nxe6 Qxe6 21. Qxe6+ fxe6 22. d4 exd4 23. cxd4 Bb6 24. e5 dxe5 25. Rxe5 Ke7 26. Rae1 Kf7 27. Ng5+ Kf8 28. Nxe6+ Kg8 29. Rg5+ Kh8 30. Rg6 Nh7 31. Rh6 Re8 32. Kf1 Re7 33. Ng5 Rxe1+ 34. Kxe1 Re8+ 35. Kd2 Re7 36. Kd3 Kg7 37. Rxh7+ Kf6 38. Rxe7 Kxe7 39. h5 Kf6 40. f4 Kg7 41. g4 Kh6 42. Ne6 Ba5 43. f5 Kh7 44. Ke4 Be1 45. g5 Bh4 46. Ke5 b6 47. f6 Kg8 48. g6 c5 49. dxc5 bxc5 50. h6 Bxf6+ 51. Kxf6 a5 52. g7 c4 53. h7+ Kxh7 54. Kf7 a4 55. g8Q+ Kh6 56. Qg6# 1-0

[Event "FRA-ch U10"]
[Site "Le Grand Bornand"]
[Date "2003.??.??"]
[Round "2.4"]
[White "Fevre, Mathieu"]
[Black "Viville, Maximilien"]
[Result "1-0"]
[WhiteElo "1790"]
[BlackElo "1410"]
[PlyCount "27"]
[EventDate "2003.??.??"]
[EventType "swiss"]
[EventRounds "9"]
[EventCountry "FRA"]
[SourceTitle "EXT 2004"]
[Source "ChessBase"]
[SourceDate "2003.11.25"]
[SourceVersion "1"]
[SourceVersionDate "2003.11.25"]
[SourceQuality "1"]

1. e4 e5 2. Nf3 Nc6 3. Bc4 Bc5 4. b4 Nxb4 5. Nxe5 d5 6. exd5 Nxd5 7. 0-0 Bd4 8. Re1 Nge7 9. c3 Bxe5 10. Rxe5 0-0 11. Ba3 f6 12. Rxe7 Kh8 13. Re1 Rg8 14. Qb3 1-0